000 00472nam a2200145Ia 4500
008 230917s9999||||xx |||||||||||||| ||und||
040 _e172328
_aMAIN
041 _aEnglish
082 _a891.4317109 BD469:SP
100 _aपाण्डेय शशीभूषण
245 0 _aभारती की काव्य भाषा
260 _aकरनाल
_bनटराज पब्लिशिंग हाउस
_c1985
300 _a116 पृ. p.
942 _cHN
999 _c46142
_d46142